=LDR 00000nam 2200000 4500 =001 INLIS000000000014966 =005 20130612110240 =008 ***********************************Ind** =035 ##$$0010-061300000014966 =041 ##$$a Ind =082 ##$$a 635.61 =090 ##$$a 365.61, Evi g =100 ##$$a Evitadewi, W.D =245 ##$$a Guna dan manfaat dan Penanama Jeruk denga Sustem Yang Praktis, W.D.Evitadewi =260 ##$$a 1990 $b Semarang =300 ##$$a 40 HLm, Ilus, 18 Cm =650 ##$$a Jerik Sistem Penanaman =850 ##$$a NBPNMAT